000 00307nam a22001457a 4500
008 210226b ||||| |||| 00| 0 eng d
020 _a9780316698344
041 _aeng
080 _a61
082 _a61
100 _a3
101 _aSHM
245 _aThe trauma manual
_cPeitzman, A.B
942 _2udc
_cBK
999 _c55274
_d55274